| 000 | 00322nam a22001217a 4500 | ||
|---|---|---|---|
| 003 | OSt | ||
| 005 | 20260211112044.0 | ||
| 008 | 260211b |||||||| |||| 00| 0 eng d | ||
| 040 | _cTwaweza Communications | ||
| 082 |
_a302.2 _bNJO |
||
| 245 |
_aCulture, Performance, &Identity _bPaths of Communication in Kenya |
||
| 942 |
_2ddc _cBK |
||
| 999 |
_c4157 _d4157 |
||